News Writing and Reporting (Record no. 3972)

MARC details
000 -LEADER
fixed length control field 00417nam a22001697a 4500
005 - DATE AND TIME OF LATEST TRANSACTION
control field 20160625113125.0
008 - FIXED-LENGTH DATA ELEMENTS--GENERAL INFORMATION
fixed length control field 160625b xxu||||| |||| 00| 0 eng d
020 ## - INTERNATIONAL STANDARD BOOK NUMBER
ISBN 81-229-0008-9
041 ## - LANGUAGE CODE
Language code of text/sound track or separate title eng
082 ## - DEWEY DECIMAL CLASSIFICATION NUMBER
Item number 10158
100 ## - MAIN ENTRY--AUTHOR NAME
Personal name Neal, James M and Brown, Suzanne S
245 ## - TITLE STATEMENT
Title News Writing and Reporting
260 ## - PUBLICATION, DISTRIBUTION, ETC. (IMPRINT)
Name of publisher Surjeet
Year of publication 2004
300 ## - PHYSICAL DESCRIPTION
Number of Pages 290
650 ## - SUBJECT ADDED ENTRY--TOPICAL TERM
Topical Term Mass Communication
942 ## - ADDED ENTRY ELEMENTS (KOHA)
Koha item type Books
Holdings
Lost status Damaged status Home library Current library Shelving location Date acquired Cost, normal purchase price Full call number Accession Number Koha item type
    JRU Library   SHELF-32-J 25/06/2016 160.00 10158 10158 Books
    JRU Library   SHELF-32-J 25/06/2016 160.00 10158 10159 Books
    JRU Library   SHELF-32-J 25/06/2016 160.00 10158 10160 Books
    JRU Library   SHELF-32-J 25/06/2016 160.00 10158 10161 Books